LEADER 00911nam a2200229 i 4500 001 000000075446 003 CaOOAMICUS 005 20071012000000.0 008 071012s1985 it u000 u ita u 013 $a46618 040 $aSeMil$bita 100 1 $aSgorlon, Carlo,$d<1930-2009>.$0(OLS)http://semarc/name/37232 245 12$aL'armata dei fiumi perduti :$bromanzo /$cCarlo Sgorlon. 260 $aMilano :$bArnoldo Mondadori Editore,$c1985. 300 $a310 p. ;$c22 cm. 490 0 $aScrittori italiani e stranieri 830 0$aScrittori italiani e stranieri.$0(OLS)http://semarc/title/2727 850 $aSeMil 852 $aSeMil$W1$xVenegono$y1$m1A V 236$j240572$B41598$CSeMilBibl$Z2$F41602 $81 961 $aOmaggio: Donazione 996 $6245$aL'armata dei fiumi perduti :$bromanzo$9(OLS)http://semarc/title/122360 996 $6260$aMilano :$bArnoldo Mondadori Editore$9(OLS)http://semarc/publisher/30056 LEADER 01574nam a2200217 i 4500 001 000000107920 003 CaOOAMICUS 005 20171215000000.0 008 171215s1703 xx u000 u fre u 013 $a80444 026 $al-nt 1.es rsn- semi (3) 1703 (R) 040 $aSeMil$bita 245 10$aTome premier, depuis la création du monde jusqu'a la mort de l'empereur Auguste. 300 $a[34] p., 544 col., [5] carte di tav. :$bantip., ill. 500 $aAntip. incisa. - Marca tip. su front. stampato in rosso e nero. - Tav e le ill. infratestuali calcogr. - Segn.: *4(*4+chi1) 2*-4*4 5*2(5*2+6*1) A-2L4. 773 0 $aGueudeville, Nicolas <1654-1721>$tGrand theatre historique, ou nouvelle histoire universelle, tant sacrée que profane, depuis la creation du monde, jusqu'au commencement du 18. siecle: contenant une fidèle & exacte description de ce qui s'est passé ... Et ce qui concerne nommement le peuple Juif, & qui se trouve dans la sainte ecriture & ailleurs, avec la suite de l'histoire romaine sous les empereurs d'orient & d'occident: la fondation, les progres ... Ouvrage divisé en cinq parties, avec des figures en taille douce, qui représentent les plus beaux endroits de l'histoire ... Tome 1. [-5.].$dA Leide : Chez Pierre vander Aa, 1703.$g1$w()11491 850 $aSeMil 852 $aSeMil$W1$xVenegono$y1$m3T VI 1 FA$j64016$B64016$CSeMilBibl$Z2$F220437 $8I 941 1 $a10 961 $aRecupero: Mantegazza 996 $6245$aTome premier, depuis la création du monde jusqu'a la mort de l'empereur Auguste$9(OLS)http://semarc/title/407313